000 02742cam a2200337 i 4500
999 _c679
_d679
001 19394022
003 GZU
005 20200910110511.0
008 161122s2017 pau b 001 0 eng c
010 _a 2016053346
020 _a9780812249026 (hardcover : alk. paper)
040 _aPU/DLC
_beng
_cPU
_erda
_dDLC
042 _apcc
050 0 0 _aJC571
_b.H8668 2017
082 0 0 _a323.071
_223
130 0 _aHuman rights education (University of Pennsylvania)
245 1 0 _aHuman rights education :
_btheory, research, praxis /
_cedited by Monisha Bajaj ; afterword by Nancy Flowers.
264 1 _aPhiladelphia :
_bUniversity of Pennsylvania Press,
_c[2017]
300 _aix, 353 pages ;
_c24 cm
336 _atext
_2rdacontent
337 _aunmediated
_2rdamedia
338 _avolume
_2rdacarrier
504 _aIncludes bibliographical references and index.
505 0 _aSymbol and substance : human rights education as an emergent global institution / Susan Garnett Russell and David F. Suørez -- Emotions, critical pedagogy, and human rights education / Michalinos Zembylas -- Evolution of human rights education models / Felisa L. Tibbitts -- The right to human rights education : conceptual perspectives / Peter G. Kirchschlaeger -- Global research in human rights education -- Challenges and complexity in human rights education : teachers' understandings of democratic participation and gender equity in post-conflict Kurdistan, Iraq / Audrey Osler and Chalank Yahya -- Human rights education in postcolonial India / Monisha Bajaj and Rachel Wah -- Politics, power, and protest : rights-based education policy and the limits of human rights education / Sam Mejias -- Contentious human rights education : the case of professional development programs on sexual orientation and gender identity/based refuge protection / Oren Pizmony-Levy ad Megan Jensen -- Historicizing critical educational praxis : human rights framework for justice-oriented teaching / Melissa L. Gibson and Carl A. Grant / Expanding the aspirational map : interactive learning and human rights in Tostan's community empowerment program / Beniamino Cislaghi, Diane Gillespie, and Gerald Mackie -- Human rights education's role in peacebuilding : lessons from the field / Tracey Holland and J. Paul Martin -- Leveraging diversity to become a global citizen : lessons for human rights education / Carol Anne Spreen and Chrissie Monaghan.
650 0 _aHuman rights
_xStudy and teaching.
700 1 _aBajaj, Monisha,
_eeditor.
700 1 _aFlowers, Nancy,
_d1940-
_ewriter of afterword.
906 _a7
_bcbc
_corignew
_d1
_eecip
_f20
_gy-gencatlg
942 _2lcc
_cBK
_h571
_iHUM
_kJC
_m2012